[Event "Maastricht Limburg op-B 4th"]
[Site "Maastricht"]
[Date "2010.05.23"]
[Round "4"]
[White "Jurrius, Theo"]
[Black "Coenen, Bert"]
[Result "1-0"]
[WhiteElo "2016"]
[BlackElo "1844"]
[PlyCount "63"]
[EventDate "2010.05.21"]
[EventType "swiss"]
[EventRounds "7"]
[EventCountry "NED"]
[SourceTitle "EXT 2011"]
[Source "ChessBase"]
[SourceDate "2010.11.26"]
[SourceVersion "1"]
[SourceVersionDate "2010.11.26"]
[SourceQuality "1"]

1. e4 c5 2. d4 cxd4 3. c3 dxc3 4. Nxc3 Nc6 5. Nf3 e6 6. Bc4 d6 7. 0-0 Nf6 8. Qe2 Be7 9. Rd1 Qc7 10. Nb5 Qb8 11. Bg5 a6 12. Bxf6 gxf6 13. Nbd4 Ne5 14. Bb3 Nxf3+ 15. Qxf3 Bd7 16. Qh5 Kf8 17. Rac1 a5 18. a4 Ra6 19. Rc3 Ra8 20. Kh1 h6 21. Nf5 Be8 22. Nxe7 Kxe7 23. Rf3 Bc6 24. Qh4 Qg8 25. Qxf6+ Ke8 26. Rxd6 Bxe4 27. Rg3 Qf8 28. h3 Rc8 29. Kh2 Rh7 30. Rd4 Bf5 31. Bc4 Qc5 32. Rg8+ 1-0

[Event "Maastricht Limburg op-B 4th"]
[Site "Maastricht"]
[Date "2010.05.21"]
[Round "1"]
[White "Jurrius, Theo"]
[Black "Whitmire, James David"]
[Result "0-1"]
[WhiteElo "2016"]
[BlackElo "1957"]
[PlyCount "74"]
[EventDate "2010.05.21"]
[EventType "swiss"]
[EventRounds "7"]
[EventCountry "NED"]
[SourceTitle "EXT 2011"]
[Source "ChessBase"]
[SourceDate "2010.11.26"]
[SourceVersion "1"]
[SourceVersionDate "2010.11.26"]
[SourceQuality "1"]

1. e4 c5 2. d4 cxd4 3. c3 dxc3 4. Nxc3 Nc6 5. Nf3 e6 6. Bc4 Qc7 7. Qe2 Nf6 8. e5 Ng4 9. Bf4 f6 10. Nd5 exd5 11. exf6+ Nge5 12. 0-0 gxf6 13. Bxd5 d6 14. Nxe5 Nxe5 15. Qh5+ Kd8 16. Rac1 Qg7 17. Bxe5 fxe5 18. f4 Bg4 19. Qh4+ Be7 20. Qg3 Bf6 21. Qa3 Qe7 22. fxe5 Qxe5 23. Bxb7 Rb8 24. Rxf6 Rxb7 25. Rxd6+ Bd7 26. Rcd1 Re8 27. R6d3 Re7 28. Rf3 Re8 29. Rfd3 Rc7 30. Qa4 Re7 31. Qb3 Kc8 32. Qg8+ Re8 33. Qb3 Bg4 34. Rf1 Qc5+ 35. Kh1 Be2 36. Re1 Qf2 37. Qb4 Rf8 0-1

[Event "IECC TH-T email"]
[Site "IECC email"]
[Date "2001.04.16"]
[Round "?"]
[White "Hall, Gregory Kenneth"]
[Black "Jurrius, Theo"]
[Result "0-1"]
[WhiteElo "1852"]
[BlackElo "1892"]
[PlyCount "50"]
[EventDate "2001.??.??"]
[EventType "match (corr)"]
[EventRounds "2"]
[SourceTitle "Corr 2008"]
[Source "ChessBase"]
[SourceDate "2008.06.24"]
[SourceVersion "1"]
[SourceVersionDate "2008.06.24"]
[SourceQuality "1"]

1. e4 c5 2. d4 cxd4 3. c3 dxc3 4. Nxc3 Nc6 5. Nf3 d6 6. Bc4 e6 7. 0-0 Nf6 8. Qe2 Be7 9. Rd1 e5 10. h3 0-0 11. Be3 Be6 12. Bxe6 fxe6 13. Rac1 Rc8 14. a3 a6 15. Na4 Nd7 16. b4 b5 17. Nc3 Nf6 18. Qa2 Qd7 19. Ng5 Nd8 20. f4 exf4 21. Bxf4 h6 22. Nf3 Rxc3 23. Rxc3 Nxe4 24. Re3 Rxf4 25. Rd4 Qa7 0-1

[Event "IECC TH-T email"]
[Site "IECC email"]
[Date "2001.04.16"]
[Round "?"]
[White "Jurrius, Theo"]
[Black "Hall, Gregory Kenneth"]
[Result "1-0"]
[WhiteElo "1877"]
[BlackElo "1867"]
[PlyCount "43"]
[EventDate "2001.??.??"]
[EventType "match (corr)"]
[EventRounds "2"]
[SourceTitle "Corr 2008"]
[Source "ChessBase"]
[SourceDate "2008.06.24"]
[SourceVersion "1"]
[SourceVersionDate "2008.06.24"]
[SourceQuality "1"]

1. e4 c5 2. d4 cxd4 3. c3 dxc3 4. Nxc3 a6 5. Bc4 e6 6. Nf3 b5 7. Bb3 Bb7 8. Qe2 d6 9. 0-0 Nd7 10. Rd1 Ngf6 11. Bg5 b4 12. Bxf6 Nxf6 13. Ba4+ Nd7 14. Ne5 Bc8 15. Nc6 Qg5 16. Nd5 exd5 17. exd5+ Be7 18. Re1 Kf8 19. f4 Qf6 20. Nxe7 Qd4+ 21. Kh1 Nf6 22. Ng6+ 1-0

[Event "IECC TH-T email"]
[Site "IECC email"]
[Date "2001.04.12"]
[Round "?"]
[White "Jurrius, Theo"]
[Black "Zrinski, Scott A"]
[Result "1-0"]
[WhiteElo "1934"]
[BlackElo "1610"]
[PlyCount "81"]
[EventDate "2001.??.??"]
[EventType "match (corr)"]
[EventRounds "2"]
[SourceTitle "Corr 2008"]
[Source "ChessBase"]
[SourceDate "2008.06.24"]
[SourceVersion "1"]
[SourceVersionDate "2008.06.24"]
[SourceQuality "1"]

1. d4 d5 2. e4 dxe4 3. Nc3 Bf5 4. f3 exf3 5. Nxf3 Nf6 6. Ne5 e6 7. g4 Bxc2 8. Qxc2 Qxd4 9. Qa4+ Qxa4 10. Nxa4 Bd6 11. Bg2 c6 12. Nc4 Bb4+ 13. Bd2 Bxd2+ 14. Kxd2 0-0 15. Ne5 Rd8+ 16. Ke2 Na6 17. g5 Nd7 18. Nxd7 Rxd7 19. Rad1 Rad8 20. Rxd7 Rxd7 21. Rd1 Rxd1 22. Kxd1 Kf8 23. Ke2 Ke7 24. a3 Kd6 25. Ke3 Nc7 26. b4 Nb5 27. Nc5 b6 28. Ne4+ Ke5 29. a4 Nd6 30. Nd2 c5 31. bxc5 bxc5 32. Nf3+ Kf5 33. Bh3+ Kg6 34. Kf4 f6 35. Bxe6 fxg5+ 36. Nxg5 c4 37. Ne4 Nxe4 38. Kxe4 c3 39. Kd3 Kf6 40. Bd7 Ke5 41. Kxc3 1-0

[Event "IECC TH-T email"]
[Site "IECC email"]
[Date "2001.03.03"]
[Round "?"]
[White "Cherner, Lyle"]
[Black "Jurrius, Theo"]
[Result "0-1"]
[WhiteElo "1592"]
[BlackElo "1957"]
[PlyCount "78"]
[EventDate "2001.??.??"]
[EventType "match (corr)"]
[EventRounds "2"]
[SourceTitle "Corr 2008"]
[Source "ChessBase"]
[SourceDate "2008.06.24"]
[SourceVersion "1"]
[SourceVersionDate "2008.06.24"]
[SourceQuality "1"]

1. e4 e5 2. Nf3 f5 3. Nxe5 Qf6 4. d4 d6 5. Nc4 fxe4 6. Nc3 Qg6 7. Ne3 Nf6 8. Be2 c6 9. 0-0 d5 10. f3 exf3 11. Bd3 Qh5 12. Qxf3 Qxf3 13. Rxf3 Be7 14. Nf5 Bxf5 15. Bxf5 0-0 16. Bg5 Na6 17. Re1 Rae8 18. Rfe3 Bb4 19. Rxe8 Rxe8 20. Rxe8+ Nxe8 21. Kf2 Bxc3 22. bxc3 Kf7 23. Bf4 Nac7 24. Bc8 b6 25. Bd7 c5 26. Ke3 Nf6 27. Bc6 Ne6 28. Bb8 Ke7 29. Bxa7 Kd6 30. Ba8 Kc7 31. h3 c4 32. h4 h6 33. a4 g5 34. h5 Ng7 35. Kf3 Ngxh5 36. a5 bxa5 37. Bc5 a4 38. Be7 Kd7 39. Ba3 Nf4 0-1

[Event "IECC TH-T email"]
[Site "IECC email"]
[Date "2001.03.03"]
[Round "?"]
[White "Jurrius, Theo"]
[Black "Bennett, Gary"]
[Result "1-0"]
[WhiteElo "1873"]
[BlackElo "1579"]
[PlyCount "45"]
[EventDate "2001.??.??"]
[EventType "match (corr)"]
[EventRounds "2"]
[SourceTitle "Corr 2008"]
[Source "ChessBase"]
[SourceDate "2008.06.24"]
[SourceVersion "1"]
[SourceVersionDate "2008.06.24"]
[SourceQuality "1"]

1. e4 e5 2. Nf3 f5 3. Nxe5 Qf6 4. d4 d6 5. Nc4 fxe4 6. Nc3 Qg6 7. f3 exf3 8. Qxf3 Nc6 9. d5 Nb4 10. Ne3 Nf6 11. a3 Nxc2+ 12. Nxc2 Qxc2 13. Bd3 Qb3 14. Ne4 Qb6 15. Nxf6+ gxf6 16. Qxf6 Rg8 17. Bg5 Bg4 18. Bxh7 Rg7 19. Bg6+ Kd7 20. Bf5+ Bxf5 21. Qxf5+ Ke8 22. 0-0-0 Be7 23. Rde1 1-0